Normal view
MARC view
- HELMET MOUNTED DISPLAYS-DESIGN AND CONSTRUCTION VIRTUAL REALITY
Entry Topical Term
001 - CONTROL NUMBER
- control field: 77222
003 - CONTROL NUMBER IDENTIFIER
- control field: NUST
005 - DATE AND TIME OF LATEST TRANSACTION
- control field: 20210628205837.0
008 - FIXED-LENGTH DATA ELEMENTS
- fixed length control field: 210628|| aca||aabn | a|a d
040 ## - CATALOGING SOURCE
- Original cataloging agency: NUST
- Transcribing agency: NUST
150 ## - HEADING--TOPICAL TERM
- Topical term or geographic name entry element: HELMET MOUNTED DISPLAYS-DESIGN AND CONSTRUCTION VIRTUAL REALITY
670 ## - SOURCE DATA FOUND
- Source citation: Work cat.: (NUST): Moffitt, Kirk. Melzer, James E. 77221, Head-mounted displays designing for the user, 1997
